000 01149aam a2200313 i 4500
001 768714001
003 CO-MdFUSB
005 20220204171851.0
007 ta
008 220204t1959 -us |||| |||| 00| 0 eng d
020 _a080281280
_q5
040 _bspa.
_aCO-MdFUSB
_cCO-MdFUSB
_dCO-MdFUSBC
_erda
041 _aeng
082 0 4 _a231.7
_223
_bL154g
100 1 _aLadd, George Eldon (1911-)
_eautor
245 1 4 _aThe Gospel of the Kingdom :
_bscriptural studies in the Kingdom of God
_c/ George Eldon Ladd
264 1 _aGrand Rapids, Michigan :
_bWm. B. Eerdmans Publishing Company,
_c[1959]
264 4 _c© 1959
300 _a140 páginas
_c; 21 cm
336 _atexto
_btxt
_2rdacontent
337 _2rdamedia
_asin mediación
_bn
338 _2rdacarrier
_avolumen
_bnc
505 _a¿Qué es el reino de Dios? -- El reino es mañana -- El reino es hoy -- El misterio del reino -- La vida del reino -- La justicia del reino -- La demanda del reino -- El reino, Israel y la iglesia -- ¿Cuándo vendrá el reino?
563 _aRústico
650 7 _aReino de Dios
_9219
942 _cBK
945 _aJTF-925
999 _c34494
_d34494